| 000 | 01836cam a2200349 a 4500 | ||
|---|---|---|---|
| 001 | 2783 | ||
| 005 | 20240115120506.0 | ||
| 020 | _a9780194789271 (pbk.) | ||
| 020 | _a0194789276 (pbk.) | ||
| 040 |
_aJE5 _cJE5 _dAU@ _dDLC _beng |
||
| 050 | 0 | 0 |
_aPE1126.A4 _bB376783 2008 |
| 082 | 0 | 4 |
_a428.6 _222 |
| 100 | 1 | _aBassett, Jennifer | |
| 245 | 1 | 4 |
_aThe meaning of gifts : _bstories from Turkey / _cretold by Jennifer Bassett ; illustrated by Gay Galsworthy. |
| 250 | _aThis simplified edition Oxford University Press 2008 | ||
| 260 |
_aOxford : _bOxford University Press, _c2008 |
||
| 300 |
_a55 pages : _billustrations ; _c20 cm |
||
| 490 | 0 | _aOxford Bookworms Library ; Stage 1, World stories. | |
| 500 | _a"First published in Oxford Bookworms,1996 as Four Turkish Stories"--T.p. verso. | ||
| 500 | _aOriginally published as: Four Turkish stories. | ||
| 505 | 0 | _aK | |
| 520 | _aThis award-winning collection of adapted classic literature and original stories develops reading skills for low-beginning through advanced students. Accessible language and carefully controlled vocabulary build students' reading confidence. Introductions at the beginning of each story, illustrations throughout, and glossaries help build comprehension. Before, during, and after reading activities included in the back of each book strengthen student comprehension. Audio versions of selected titles provide great models of intonation and pronunciation of difficult words. | ||
| 521 |
_a530 _bLexile |
||
| 521 |
_aK _bRaz-Plus |
||
| 650 | 0 | _aReaders (Adult) | |
| 650 | 0 |
_aEnglish language _vTextbooks for foreign speakers. |
|
| 650 | 0 |
_aReading comprehension _vProblems, exercises, etc. |
|
| 650 | 0 | _aShort stories, Turkish. | |
| 700 | 1 |
_aGalsworthy, Gay _eillustrator |
|
| 906 |
_a7 _bcbc _ccopycat _d2 _encip _f20 _gy-gencatlg |
||
| 942 |
_2ddc _cBK _n0 |
||
| 999 |
_c2783 _d2783 |
||